[Event "Vojvodina-ch 6th"]
[Site "Novi Sad"]
[Date "2015.07.26"]
[Round "4"]
[White "Besedes, Danilo"]
[Black "Navratil, Tomislav"]
[Result "1-0"]
[WhiteElo "2307"]
[BlackElo "2161"]
[PlyCount "61"]
[EventDate "2015.07.25"]
[EventType "swiss"]
[EventRounds "9"]
[EventCountry "YUG"]
[SourceTitle "CBM 167 Extra"]
[Source "ChessBase"]
[SourceDate "2015.09.14"]
[SourceVersion "1"]
[SourceVersionDate "2015.09.14"]
[SourceQuality "1"]

1. b3 e5 2. Bb2 Nc6 3. e3 d6 4. Bb5 Nge7 5. d4 Bd7 6. Nf3 exd4 7. exd4 a6 8. Be2 Ng6 9. 0-0 Be7 10. g3 Bf6 11. Nc3 Bf5 12. Nd5 Be4 13. Ne3 h5 14. Nd2 d5 15. Nxe4 dxe4 16. Bxh5 Bxd4 17. Bxd4 Nxd4 18. c3 Nf4 19. Bg4 c5 20. cxd4 cxd4 21. Nf5 Ne6 22. Qe2 g6 23. Nh4 Rxh4 24. Bxe6 Rh8 25. Bc4 f5 26. a4 Qf6 27. Rad1 Rd8 28. f3 Qe5 29. fxe4 fxe4 30. Rf4 e3 31. Qg4 1-0

[Event "Vojvodina-ch 6th"]
[Site "Novi Sad"]
[Date "2015.07.25"]
[Round "2"]
[White "Nestorovic, Lazar"]
[Black "Navratil, Tomislav"]
[Result "1-0"]
[WhiteElo "2337"]
[BlackElo "2161"]
[PlyCount "45"]
[EventDate "2015.07.25"]
[EventType "swiss"]
[EventRounds "9"]
[EventCountry "YUG"]
[SourceTitle "CBM 167 Extra"]
[Source "ChessBase"]
[SourceDate "2015.09.14"]
[SourceVersion "1"]
[SourceVersionDate "2015.09.14"]
[SourceQuality "1"]

1. e4 a6 2. d4 b5 3. Bd3 Bb7 4. Qe2 e6 5. Nf3 c5 6. c3 Qc7 7. 0-0 Nc6 8. d5 Nce7 9. c4 bxc4 10. Bxc4 Nc8 11. Nc3 Nb6 12. Bb3 Nf6 13. a4 e5 14. a5 Nc8 15. Ng5 Bd6 16. f4 0-0 17. f5 Na7 18. Bc4 Be7 19. Bd2 Ne8 20. Qh5 Bxg5 21. Bxg5 Nd6 22. f6 g6 23. Qh6 1-0